Co to za logo na literę L? - Statystyki

Ogólne statystyki
  • Ten quiz został rozwiązany 5 918 razy
    5 009 od ostatniego zresetowania
  • Średni wynik to 12 z 16
Statystyki odpowiedzi
Obrazkowy Odpowiedź % Poprawnych
Lego
100%
Lipton
99%
Lays
97%
LG
95%
Lewiatan
89%
Levi Strauss
87%
Lamborghini
86%
Lexus
84%
Lacoste
81%
Legia Warszawa
71%
LinkedIn
70%
Lindt
62%
Land Rover
59%
Louis Vuitton
56%
LOT
55%
Lufthansa
49%
Nie znaleziono quizów pasujących do podanych kryteriów
Rozkład punktacji
Procent ludzi z każdym wynikiem
Percentyl według liczby udzielonych odpowiedzi
Twoja historia wyników
Nie rozwiązałeś tego quizu od ostatniego zresetowania